La cerámica en arqueología
Salvato in:
| Autori principali: | , , |
|---|---|
| Natura: | Libro |
| Lingua: | spagnolo |
| Pubblicazione: |
Barcelona
Grijalbo
1997
|
| Serie: | Crítica. Arqueología
|
| Soggetti: | |
| Tags: |
Aggiungi Tag
Nessun Tag, puoi essere il primo ad aggiungerne!!
|
MARC
| LEADER | 00000nam a2200000 a 4500 | ||
|---|---|---|---|
| 001 | UCO6995 | ||
| 003 | CL-VaPUC | ||
| 008 | 001103e19970000SP |||||||||||||||||spa|d | ||
| 082 | 0 | 4 | |a 930.1 |b ORT |2 21 |
| 100 | |a Orton, Clive |e autor |9 451626 | ||
| 700 | 0 | |a Tyers, Paul |e author |9 451627 | |
| 700 | 0 | |a Vince, Alan |e author |9 451628 | |
| 245 | 1 | 3 | |a La cerámica en arqueología |
| 300 | |a 309 p | ||
| 942 | |c BK | ||
| 945 | |d 20001103 00:00:00 |a vberengu | ||
| 260 | |a Barcelona |b Grijalbo |c 1997 | ||
| 650 | 0 | |a Arqueología |9 265619 | |
| 650 | 0 | |a Artesanías |9 266634 | |
| 650 | 0 | |a ceramica |9 262882 | |
| 650 | 7 | |a EXCAVACIONES ARQUEOLOGICAS |2 CL-VaPUC |9 310948 | |
| 650 | 7 | |a OBJETOS ARQUEOLOGICOS |2 CL-VaPUC |9 344521 | |
| 583 | |a last modification |c 20001103 00:00:00 |k Rodrigo Vera | ||
| 490 | 0 | |a Crítica. Arqueología | |
| 999 | |c 292225 |d 292223 | ||
| 952 | |0 0 |1 0 |4 0 |6 930_100000000000000_ORT_1997 |7 0 |8 A |9 342930 |a BIBHIS |b BIBHIS |d 2019-11-20 |i 3664449 |o 930.1 ORT 1997 |p 3664449 |r 2023-01-25 |w 2019-11-20 |y BK |k HIS | ||